| 000 | 004220000a22001690004500 | ||
|---|---|---|---|
| 003 | MACL | ||
| 005 | 20160110171208.0 | ||
| 008 | 160110b xxu||||| |||| 00| 0 eng d | ||
| 040 |
_aMACL _cMACL |
||
| 041 | _aEnglish | ||
| 082 | _a923.2/NEH | ||
| 100 |
_aNehru, Jawaharlal _93957 |
||
| 245 | _aMahatma Gandhi | ||
| 260 |
_bAsia Publishing House _c1966 _aBombay |
||
| 650 |
_aBiography _931103 |
||
| 942 |
_cBK _k923.2/NEH _2ddc |
||
| 999 |
_c35712 _d35712 |
||